000 00347nam a2200121Ia 4500
008 180219s9999 xx 000 0 und d
020 _a9789710446025
100 _aGapuz's Ray A.
245 4 _aThe ABC's of passing foreign nursing board exams /
250 _a2nd ed
260 _aSampaloc City :
_bNational Books store
_c2007
300 _a511 pages
999 _c355940
_d355940